[Event "Abu Dhabi op 29th"]
[Site "Abu Dhabi"]
[Date "2023.08.22"]
[Round "7"]
[White "Doshi, Moksh Amitbhai"]
[Black "Vatsal, Singhania"]
[Result "0-1"]
[WhiteElo "2401"]
[BlackElo "2269"]
[PlyCount "68"]
[EventDate "2023.08.16"]
[EventType "swiss"]
[EventRounds "9"]
[EventCountry "UAE"]
[SourceTitle "EXT 2024"]
[Source "ChessBase"]
[SourceDate "2023.10.10"]
[SourceVersion "1"]
[SourceVersionDate "2023.10.10"]
[SourceQuality "1"]

1. d4 Nf6 2. c4 e6 3. Nf3 d5 4. Nc3 c6 5. g3 dxc4 6. Bg2 b5 7. Ne5 Nd5 8. a4 Bb4 9. Bd2 Bb7 10. 0-0 Bxc3 11. bxc3 Nd7 12. e4 N5b6 13. Nxd7 Qxd7 14. Qg4 0-0 15. a5 Na4 16. Rfd1 f5 17. Qe2 c5 18. dxc5 Nxc5 19. Be3 Nd3 20. Bc5 Rf7 21. a6 Bxe4 22. Bxe4 fxe4 23. Qxe4 Qd5 24. Qxd5 exd5 25. Bd4 Rd7 26. Kf1 b4 27. Rxd3 cxd3 28. cxb4 Re7 29. Bc5 Re6 30. b5 d2 31. Rd1 Rb8 32. Rxd2 Rxb5 33. Rxd5 Re8 34. Rg5 h6 0-1

[Event "Arad op 16th"]
[Site "Arad"]
[Date "2023.08.10"]
[Round "5"]
[White "Vatsal, Singhania"]
[Black "Prraneeth, Vuppala"]
[Result "1-0"]
[WhiteElo "2269"]
[BlackElo "2485"]
[PlyCount "57"]
[EventDate "2023.08.07"]
[EventType "swiss"]
[EventRounds "9"]
[EventCountry "ROU"]
[SourceTitle "EXT 2024"]
[Source "ChessBase"]
[SourceDate "2023.10.10"]
[SourceVersion "1"]
[SourceVersionDate "2023.10.10"]
[SourceQuality "1"]

1. e4 e5 2. Nf3 Nc6 3. Bc4 Bc5 4. 0-0 d6 5. c3 Bb6 6. h3 Qf6 7. b4 Nge7 8. a4 a6 9. d3 Be6 10. Nbd2 0-0 11. Bxe6 Qxe6 12. Nc4 Ba7 13. b5 Nb8 14. Rb1 Nd7 15. Ba3 f5 16. Qb3 Kh8 17. Ncxe5 Qxb3 18. Rxb3 Nxe5 19. Nxe5 fxe4 20. b6 dxe5 21. bxa7 Rfe8 22. Bxe7 b6 23. Bg5 exd3 24. c4 h6 25. Be3 e4 26. a5 Rxa7 27. axb6 cxb6 28. Rxb6 Rc7 29. c5 1-0

[Event "Belgrade Serbia op"]
[Site "Belgrade"]
[Date "2023.07.21"]
[Round "6"]
[White "Petrov, Nikita"]
[Black "Vatsal, Singhania"]
[Result "1/2-1/2"]
[WhiteElo "2559"]
[BlackElo "2227"]
[PlyCount "68"]
[EventDate "2023.07.16"]
[EventType "swiss"]
[EventRounds "9"]
[EventCountry "SRB"]
[SourceTitle "CBM 215 Extra"]
[Source "ChessBase"]
[SourceDate "2023.09.30"]
[SourceVersion "1"]
[SourceVersionDate "2023.09.30"]
[SourceQuality "1"]

1. e4 c5 2. Nf3 d6 3. d4 cxd4 4. Nxd4 Nf6 5. Nc3 Nc6 6. f3 e5 7. Nb3 Be7 8. Be3 Be6 9. Nd5 Bxd5 10. exd5 Nb4 11. c4 a5 12. a3 Na6 13. Nd2 0-0 14. Nb1 Nd7 15. Nc3 Bg5 16. Bf2 f5 17. Be2 Ndc5 18. 0-0 Qf6 19. Rb1 Qh6 20. b4 axb4 21. axb4 Nd7 22. c5 dxc5 23. Bxa6 Rxa6 24. bxc5 Be3 25. Qe2 Bxf2+ 26. Qxf2 Rc8 27. Rb5 Qf4 28. c6 bxc6 29. dxc6 Raxc6 30. Nd5 Qg5 31. f4 exf4 32. Qxf4 Qxf4 33. Rxf4 Rc1+ 34. Rf1 Rxf1+ 1/2-1/2

[Event "Paracin op 16th"]
[Site "Paracin"]
[Date "2023.07.07"]
[Round "1"]
[White "Tenuunbold, Battulga"]
[Black "Vatsal, Singhania"]
[Result "0-1"]
[WhiteElo "2002"]
[BlackElo "2227"]
[PlyCount "68"]
[EventDate "2023.07.07"]
[EventType "swiss"]
[EventRounds "9"]
[EventCountry "SRB"]
[SourceTitle "EXT 2024"]
[Source "ChessBase"]
[SourceDate "2023.10.10"]
[SourceVersion "1"]
[SourceVersionDate "2023.10.10"]
[SourceQuality "1"]

1. d4 Nf6 2. c4 e6 3. g3 d5 4. Nf3 dxc4 5. Bg2 a6 6. 0-0 Nc6 7. a4 Rb8 8. Nc3 Be7 9. e3 0-0 10. Qe2 b5 11. axb5 axb5 12. Ne5 Nxe5 13. dxe5 Nd5 14. Rd1 c6 15. Nxd5 cxd5 16. b3 Qc7 17. e4 dxe4 18. Bxe4 Bb7 19. Ra7 c3 20. Be3 Qc8 21. Rxb7 Rxb7 22. Qc2 Rd7 23. Bxh7+ Kh8 24. Be4 Rxd1+ 25. Qxd1 g6 26. Bh6 Rd8 27. Qf3 Kg8 28. Bc2 Qc5 29. Bf4 b4 30. h4 Qd5 31. Qe2 Ra8 32. Be4 Ra1+ 33. Kh2 Qd1 34. Qb5 Qg1+ 0-1

[Event "Vojvodina op 13th"]
[Site "Novi Sad"]
[Date "2023.07.04"]
[Round "8"]
[White "Atalik, Suat"]
[Black "Vatsal, Singhania"]
[Result "1-0"]
[WhiteElo "2438"]
[BlackElo "2227"]
[PlyCount "132"]
[EventDate "2023.06.29"]
[EventType "swiss"]
[EventRounds "9"]
[EventCountry "SRB"]
[SourceTitle "CBM 215 Extra"]
[Source "ChessBase"]
[SourceDate "2023.09.30"]
[SourceVersion "1"]
[SourceVersionDate "2023.09.30"]
[SourceQuality "1"]

1. d4 Nf6 2. c4 e6 3. Nf3 d5 4. Nc3 c6 5. Bg5 dxc4 6. e4 b5 7. e5 h6 8. Bh4 g5 9. Nxg5 hxg5 10. Bxg5 Be7 11. exf6 Bxf6 12. Bf4 Bxd4 13. Qf3 e5 14. 0-0-0 exf4 15. Qe4+ Kf8 16. Rxd4 Qf6 17. Be2 Na6 18. Qxf4 Qxf4+ 19. Rxf4 Nc5 20. h4 Be6 21. Rd1 Ke7 22. Ne4 Nxe4 23. Rxe4 Rad8 24. Rxd8 Rxd8 25. Bg4 Rg8 26. Bxe6 fxe6 27. g4 Rf8 28. f4 Kd6 29. h5 Kd5 30. Re5+ Kd4 31. h6 Rxf4 32. h7 Rf8 33. Rxe6 Rf1+ 34. Kd2 Rh1 35. Rd6+ Ke4 36. Rd7 Kf4 37. Rxa7 Kxg4 38. Kc3 Kf4 39. Kd4 Kf3 40. Kc5 Ke3 41. a3 Kd3 42. Kxc6 Kc2 43. Kxb5 Rh4 44. Rc7 Kxb2 45. Rxc4 Rxh7 46. a4 Kb3 47. a5 Rb7+ 48. Kc6 Ra7 49. Rc5 Kb4 50. Kb6 Ra8 51. Rb5+ Ka4 52. Rd5 Rb8+ 53. Ka7 Rb1 54. a6 Rb2 55. Ka8 Rb1 56. a7 Rb2 57. Rd1 Kb5 58. Kb7 Kc5+ 59. Kc7 Ra2 60. Rc1+ Kd5 61. Kb7 Rb2+ 62. Kc8 Ra2 63. Rc7 Kd6 64. Kb8 Ra4 65. Rh7 Rb4+ 66. Rb7 Kd5 1-0

[Event "Abu Dhabi Masters 28th"]
[Site "Abu Dhabi"]
[Date "2022.08.20"]
[Round "5"]
[White "Sulejmanova, Ava"]
[Black "Vatsal, Singhania"]
[Result "0-1"]
[WhiteElo "2183"]
[BlackElo "2289"]
[PlyCount "46"]
[EventDate "2022.08.17"]
[EventType "swiss"]
[EventRounds "9"]
[EventCountry "UAE"]
[SourceTitle "EXT 2023"]
[Source "ChessBase"]
[SourceDate "2022.10.05"]
[SourceVersion "1"]
[SourceVersionDate "2022.10.05"]
[SourceQuality "1"]

1. e4 c5 2. Nc3 Nc6 3. g3 g6 4. Bg2 Bg7 5. d3 d6 6. f4 e6 7. Nf3 Nge7 8. 0-0 0-0 9. h4 Nd4 10. h5 Nxf3+ 11. Qxf3 f5 12. hxg6 hxg6 13. Nd1 Kf7 14. Nf2 Rh8 15. Nh3 Bf6 16. c3 Qc7 17. Be3 Bd7 18. e5 dxe5 19. fxe5 Bc6 20. Qf2 Bxg2 21. Qxg2 Qxe5 22. Rae1 Qd5 23. Rf3 Rxh3 0-1

[Event "Abu Dhabi Masters 28th"]
[Site "Abu Dhabi"]
[Date "2022.08.18"]
[Round "2"]
[White "Vatsal, Singhania"]
[Black "Rosen, Eric S"]
[Result "0-1"]
[WhiteElo "2289"]
[BlackElo "2360"]
[PlyCount "56"]
[EventDate "2022.08.17"]
[EventType "swiss"]
[EventRounds "9"]
[EventCountry "UAE"]
[SourceTitle "CBM 209 Extra"]
[Source "ChessBase"]
[SourceDate "2022.09.30"]
[SourceVersion "1"]
[SourceVersionDate "2022.09.30"]
[SourceQuality "1"]

1. e4 c5 2. Nf3 d6 3. d4 cxd4 4. Nxd4 Nf6 5. Nc3 Nc6 6. Bg5 Bd7 7. Qd2 Rc8 8. 0-0-0 Nxd4 9. Qxd4 Qa5 10. f4 Rxc3 11. bxc3 e5 12. Qd3 Ng4 13. Qg3 Qb6 14. Bd3 h6 15. f5 Nf2 16. Be3 Nxh1 17. Rxh1 Qc7 18. Kd2 Bc6 19. Rb1 a6 20. h4 d5 21. exd5 Bxd5 22. c4 Bc6 23. Bb6 Qd6 24. c5 Qd5 25. Re1 f6 26. Kc3 Bxc5 27. Qxg7 Rg8 28. Qxf6 Qd4+ 0-1

[Event "Hollywood Classic-B 2nd"]
[Site "Los Angeles"]
[Date "2022.07.28"]
[Round "7"]
[White "Vatsal, Singhania"]
[Black "Ostrovskiy, Aleksandr A"]
[Result "0-1"]
[WhiteElo "2289"]
[BlackElo "2392"]
[PlyCount "116"]
[EventDate "2022.07.25"]
[EventType "tourn"]
[EventRounds "9"]
[EventCountry "USA"]
[EventCategory "2"]
[SourceTitle "EXT 2024"]
[Source "ChessBase"]
[SourceDate "2023.10.10"]
[SourceVersion "1"]
[SourceVersionDate "2023.10.10"]
[SourceQuality "1"]

1. e4 c6 2. d4 d5 3. Nc3 dxe4 4. Nxe4 Nf6 5. Nxf6+ exf6 6. c3 Bd6 7. Bd3 0-0 8. Qc2 Re8+ 9. Ne2 h5 10. Be3 Nd7 11. 0-0-0 Nf8 12. Nf4 Bxf4 13. Bxf4 Be6 14. Kb1 b5 15. Rhe1 Qd7 16. Bc1 a5 17. b3 a4 18. b4 Ng6 19. f4 f5 20. h3 Ne7 21. Rg1 g6 22. Rdf1 h4 23. g3 hxg3 24. Rxg3 Nd5 25. h4 Nf6 26. Rg5 Kf8 27. Rfg1 Bd5 28. Ka1 Be4 29. Be3 Qd5 30. Bf2 Re6 31. Re1 Bxd3 32. Qxd3 Rxe1+ 33. Bxe1 Qh1 34. Qe3 Re8 35. Rg1 Rxe3 36. Rxh1 Rf3 37. Kb2 Nh5 38. Rh2 Nxf4 39. Kc2 Nd5 40. Bd2 f4 41. h5 Kg7 42. Rg2 Rh3 43. hxg6 fxg6 44. Rg4 Kf6 45. Bxf4 Kf5 46. Rg5+ Kxf4 47. Rxg6 Rxc3+ 48. Kd2 Rc4 49. a3 Rxd4+ 50. Kc2 Rc4+ 51. Kb2 Ke4 52. Rg4+ Kd3 53. Rg3+ Ne3 54. Rh3 Rc2+ 55. Kb1 Re2 56. Rh6 Kc3 57. Rxc6+ Kb3 58. Kc1 Rc2+ 0-1

[Event "Hollywood Classic-B 2nd"]
[Site "Los Angeles"]
[Date "2022.07.26"]
[Round "4"]
[White "Bitoon, Richard"]
[Black "Vatsal, Singhania"]
[Result "1/2-1/2"]
[WhiteElo "2433"]
[BlackElo "2289"]
[PlyCount "132"]
[EventDate "2022.07.25"]
[EventType "tourn"]
[EventRounds "9"]
[EventCountry "USA"]
[EventCategory "2"]
[SourceTitle "EXT 2024"]
[Source "ChessBase"]
[SourceDate "2023.10.10"]
[SourceVersion "1"]
[SourceVersionDate "2023.10.10"]
[SourceQuality "1"]

1. Nf3 Nf6 2. d4 d5 3. Bf4 c5 4. e3 Nc6 5. c3 Qb6 6. Qb3 c4 7. Qc2 Bf5 8. Qc1 e6 9. h3 h6 10. Nbd2 Qd8 11. Be2 Be7 12. 0-0 0-0 13. Ne5 Rc8 14. b3 b5 15. a4 Nxe5 16. dxe5 Ne4 17. Nxe4 Bxe4 18. axb5 cxb3 19. Qb2 Bc2 20. Rxa7 Bc5 21. Ra4 Qc7 22. c4 Bb6 23. Rc1 Rfd8 24. Rxc2 bxc2 25. Qxc2 dxc4 26. Rxc4 Qd7 27. Kh2 Rxc4 28. Qxc4 Rc8 29. Qe4 Qd5 30. Qxd5 exd5 31. Bg4 Rc2 32. Kg1 Kf8 33. e6 fxe6 34. Bxe6 d4 35. Bd6+ Ke8 36. exd4 Bxd4 37. Bg3 Ke7 38. Bd5 Rb2 39. Bc6 Rb1+ 40. Kh2 Bc5 41. h4 h5 42. f3 Bg1+ 43. Kh3 Bd4 44. Bc7 Rh1+ 45. Kg3 Rb1 46. Kf4 Rb4 47. Kf5 Kf7 48. Bd6 Rb2 49. g3 g6+ 50. Ke4 Bb6 51. Bd5+ Ke8 52. Bc6+ Kf7 53. Be5 Re2+ 54. Kd5 Rd2+ 55. Kc4 Ke6 56. Bb8 Rd8 57. Bf4 Rd4+ 58. Kc3 Rxf4 59. gxf4 Kf5 60. Be4+ Kxf4 61. Kd3 g5 62. hxg5 Kxg5 63. Bc6 Kf4 64. Ke2 h4 65. Bd7 Kg3 66. Bg4 Kf4 1/2-1/2

[Event "Hollywood Classic-B 2nd"]
[Site "Los Angeles"]
[Date "2022.07.25"]
[Round "1"]
[White "Vatsal, Singhania"]
[Black "Gedajlovic, Max"]
[Result "0-1"]
[WhiteElo "2289"]
[BlackElo "2325"]
[PlyCount "132"]
[EventDate "2022.07.25"]
[EventType "tourn"]
[EventRounds "9"]
[EventCountry "USA"]
[EventCategory "2"]
[SourceTitle "EXT 2024"]
[Source "ChessBase"]
[SourceDate "2023.10.10"]
[SourceVersion "1"]
[SourceVersionDate "2023.10.10"]
[SourceQuality "1"]

1. e4 e5 2. Nf3 Nc6 3. Bc4 Bc5 4. 0-0 Nf6 5. d3 0-0 6. c3 d5 7. exd5 Nxd5 8. Bg5 f6 9. b4 Be7 10. Bc1 Kh8 11. a4 Bg4 12. b5 Na5 13. Ba2 a6 14. Bd2 b6 15. Re1 axb5 16. axb5 Nb7 17. d4 Nd6 18. h3 Bxf3 19. Qxf3 Nxb5 20. c4 Nxd4 21. Qxd5 Qxd5 22. cxd5 Nc2 23. Nc3 Nxa1 24. Rxa1 Bb4 25. Ne4 Bxd2 26. Nxd2 Ra4 27. Nb1 Rfa8 28. Nc3 Rc4 29. Bxc4 Rxa1+ 30. Bf1 Kg8 31. g3 Kf8 32. Kg2 Ke7 33. Nb5 Kd7 34. Bd3 g6 35. h4 Rd1 36. Bc4 Rc1 37. Be2 Rc5 38. h5 gxh5 39. Kf3 f5 40. Ke3 Rxd5 41. Bd3 f4+ 42. gxf4 exf4+ 43. Ke4 c6 44. Nc3 Ra5 45. Kxf4 b5 46. Ne4 b4 47. Bc4 h4 48. Kg4 Ra3 49. Kxh4 Ke7 50. Nd2 Kd6 51. f4 Ra5 52. Bb3 Ke7 53. Nc4 Rc5 54. Kg4 h5+ 55. Kf3 Kf6 56. Ke4 h4 57. Kf3 h3 58. Kg3 Rd5 59. Ne5 Rxe5 60. fxe5+ Kxe5 61. Kxh3 Kd4 62. Kg3 c5 63. Kf2 c4 64. Ba4 Kc3 65. Ke3 b3 66. Be8 Kb2 0-1

[Event "Paracin Orbis GM 3rd"]
[Site "Paracin"]
[Date "2021.07.20"]
[Round "6"]
[White "Pranav, V."]
[Black "Vatsal, Singhania"]
[Result "1-0"]
[WhiteElo "2366"]
[BlackElo "2371"]
[PlyCount "63"]
[EventDate "2021.07.17"]
[EventType "swiss"]
[EventRounds "9"]
[EventCountry "SRB"]
[SourceTitle "CBM 203 Extra"]
[Source "ChessBase"]
[SourceDate "2021.09.30"]
[SourceVersion "1"]
[SourceVersionDate "2021.09.30"]
[SourceQuality "1"]

1. e4 c5 2. Nf3 d6 3. d4 cxd4 4. Nxd4 Nf6 5. Nc3 Nc6 6. Bc4 Qb6 7. Nb3 e6 8. 0-0 Be7 9. Be3 Qc7 10. f4 a6 11. Bd3 0-0 12. g4 b5 13. g5 Nd7 14. Qh5 g6 15. Qh6 Re8 16. Rf3 Bf8 17. Qh4 Bg7 18. e5 dxe5 19. Ne4 Bb7 20. Rh3 Nd4 21. Nf6+ Kf8 22. fxe5 Nxb3 23. axb3 Nxe5 24. Qxh7 Nxd3 25. cxd3 Qc2 26. Bf2 Qc6 27. Ne4 Qc7 28. Nf6 Qc6 29. Rf3 Rac8 30. Rf1 Qxf3 31. Bc5+ Rxc5 32. Qg8+ 1-0

[Event "Paracin Orbis GM 3rd"]
[Site "Paracin"]
[Date "2021.07.19"]
[Round "4"]
[White "Vatsal, Singhania"]
[Black "Csiki, Endre"]
[Result "1-0"]
[WhiteElo "2371"]
[BlackElo "2341"]
[PlyCount "85"]
[EventDate "2021.07.17"]
[EventType "swiss"]
[EventRounds "9"]
[EventCountry "SRB"]
[SourceTitle "CBM 203 Extra"]
[Source "ChessBase"]
[SourceDate "2021.09.30"]
[SourceVersion "1"]
[SourceVersionDate "2021.09.30"]
[SourceQuality "1"]

1. e4 e5 2. Nf3 Nc6 3. Bc4 Nf6 4. d3 Bc5 5. 0-0 0-0 6. a4 a5 7. h3 d6 8. c3 h6 9. Nbd2 Ne7 10. d4 exd4 11. cxd4 Bb4 12. e5 Nfd5 13. Ne4 Bf5 14. Qe2 Re8 15. Nh4 Bh7 16. f4 Nc6 17. Bxd5 Qxh4 18. Be3 Rad8 19. Qc4 Qe7 20. Rad1 Qd7 21. Ng3 Qe7 22. Kh2 Nb8 23. Qe2 Kh8 24. Bb3 c5 25. Qg4 Nc6 26. d5 Nd4 27. Bxd4 cxd4 28. e6 fxe6 29. dxe6 d5 30. f5 Bd6 31. Kh1 Be5 32. Ne2 Qb4 33. Rf3 b5 34. Nxd4 bxa4 35. Nc6 Qxg4 36. hxg4 Bf6 37. Nxd8 axb3 38. Nf7+ Kg8 39. Rxb3 h5 40. g5 Bxf5 41. gxf6 Bc2 42. Nd6 Bxb3 43. f7+ 1-0

[Event "Belgrade Serbia op"]
[Site "Belgrade"]
[Date "2021.07.03"]
[Round "3"]
[White "Vatsal, Singhania"]
[Black "Toncheva, Nadya"]
[Result "1/2-1/2"]
[WhiteElo "2371"]
[BlackElo "2201"]
[PlyCount "74"]
[EventDate "2021.07.02"]
[EventType "swiss"]
[EventRounds "9"]
[EventCountry "SRB"]
[SourceTitle "CBM 203 Extra"]
[Source "ChessBase"]
[SourceDate "2021.09.30"]
[SourceVersion "1"]
[SourceVersionDate "2021.09.30"]
[SourceQuality "1"]

1. e4 c5 2. Nf3 d6 3. d4 cxd4 4. Nxd4 Nf6 5. Nc3 e6 6. Be2 a6 7. 0-0 Be7 8. f4 0-0 9. Be3 Qc7 10. Kh1 b5 11. Bf3 Bb7 12. e5 dxe5 13. fxe5 Nfd7 14. Bf4 Nc6 15. Nxc6 Bxc6 16. Qe2 Rac8 17. a3 Nb6 18. Rae1 Nc4 19. Bxc6 Qxc6 20. Qg4 f5 21. exf6 Bxf6 22. Rxe6 Qd7 23. Rd1 Qf7 24. Nd5 h5 25. Qh3 Rcd8 26. b3 Bg5 27. g3 Nb6 28. Rxb6 Rxd5 29. Rg1 Bxf4 30. gxf4 Rd2 31. Qe6 Qxe6 32. Rxe6 Rxf4 33. Reg6 Rff2 34. Rxg7+ Kf8 35. R7g2 Rxc2 36. Rxf2+ Rxf2 37. Rg6 Rf3 1/2-1/2

[Event "Titled Tuesday intern op 22nd June"]
[Site "Chess.com INT"]
[Date "2021.06.22"]
[Round "1"]
[White "Vatsal, Singhania"]
[Black "Gorovets, Andrey"]
[Result "0-1"]
[WhiteElo "2371"]
[BlackElo "2493"]
[PlyCount "180"]
[EventDate "2021.06.22"]
[EventType "swiss (blitz)"]
[EventRounds "11"]
[EventCountry "USA"]
[SourceTitle "CBM 203 Extra"]
[Source "ChessBase"]
[SourceDate "2021.09.30"]
[SourceVersion "1"]
[SourceVersionDate "2021.09.30"]
[SourceQuality "1"]

1. e4 c6 2. d4 d5 3. Nc3 dxe4 4. Nxe4 Nf6 5. Nxf6+ exf6 6. c3 Bd6 7. Bd3 0-0 8. Qc2 Re8+ 9. Ne2 h6 10. Be3 Nd7 11. 0-0-0 Qa5 12. Kb1 Nf8 13. Bf4 Rxe2 14. Qxe2 Bxf4 15. Bc4 Be6 16. Bxe6 fxe6 17. g3 Bd6 18. f4 Qd5 19. Rhe1 b5 20. Qd3 Qf5 21. Qxf5 exf5 22. Re2 Kf7 23. Rde1 Rd8 24. Kc2 a6 25. Re3 g5 26. Rf1 gxf4 27. gxf4 Ne6 28. Rh3 Bxf4 29. Rhf3 Bg5 30. Rxf5 Ke7 31. Re1 Rd5 32. Rf3 Kf7 33. Re4 f5 34. Re1 Bf6 35. Ref1 f4 36. Rh3 Kg6 37. Kd3 Bg5 38. Ke4 Nc7 39. Rhf3 Ne6 40. Rg1 Kf7 41. Rh1 Rd8 42. h4 Bf6 43. Kf5 Rd5+ 44. Ke4 Rh5 45. Rfh3 Rd5 46. Rf1 Rd7 47. Kf5 c5 48. Re1 cxd4 49. cxd4 Rd5+ 50. Kg4 Rxd4 51. Rc3 Rd6 52. Rc2 b4 53. b3 f3 54. Rc4 Rd4+ 55. Rxd4 Nxd4 56. Rd1 Ke6 57. Kf4 Kd5 58. Ke3 Be5 59. Rd3 a5 60. h5 Ke6 61. Rd1 Kf5 62. Rg1 Ne6 63. Rg6 Ng5 64. Kf2 Bd4+ 65. Kg3 f2 66. Kg2 Kf4 67. Rg8 Ne4 68. Rf8+ Ke3 69. Rf3+ Ke2 70. Rf8 Nd2 71. Rxf2+ Bxf2 72. Kh3 Be3 73. Kg4 Bg5 74. Kf5 Kd3 75. Kg6 Kc2 76. Kh7 Kb2 77. Kg6 Kxa2 78. Kh7 Kxb3 79. Kg6 a4 80. Kh7 Kc4 81. Kg6 b3 82. Kf5 b2 83. Kg6 a3 84. Kf7 a2 85. Kg6 Kd5 86. Kf7 Ke5 87. Ke8 Ke6 88. Kf8 b1Q 89. Kg7 Qb7+ 90. Kg6 Qf7# 0-1